Petit traité de communication: EMEREC a l' heure des technologies numériques /
| Glavni avtor: | |
|---|---|
| Format: | Knjiga |
| Jezik: | španščina |
| Izdano: |
Francia :
Atelier Perrousseaux,
2001
|
| Teme: |
MARC
| LEADER | 00000nam a2200000Ia 4500 | ||
|---|---|---|---|
| 008 | 150730b2001 fr ||||| |||| 00| | spa d | ||
| 020 | |a 2911220072 | ||
| 090 | |a 08.16.01 |b 1877 | ||
| 100 | 1 | |a Cloutier, Jean |9 608 | |
| 245 | 1 | 0 | |a Petit traité de communication: EMEREC a l' heure des technologies numériques / |c Jean Cloutier |
| 260 | |a Francia : |b Atelier Perrousseaux, |c 2001 | ||
| 300 | |a 101 páginas | ||
| 650 | 1 | 4 | |a COMUNICACIÓN |9 150 |
| 942 | |i 002696 |h 08.16.01 1877 |2 z |c 01 | ||
| 999 | |c 139 |d 139 | ||
